000 00339cam a22001097a 4500
008 180718b1993 xxu||||| |||| 00| 0 eng d
082 _aA75 M264DE
100 _aSinha, A.M.
245 _aMadhya Pradesh district gazetteers: Dewas
_cby A.M. Sinha
260 _aBhopal
_bDirectorate of Gazetteers, Department of Culture
_c1993
300 _a506+p.
999 _c487062
_d487062